Correspondencia entre dos guerras / (Record no. 79939)

MARC details
000 -LEADER
campo de control de longitud fija 00808nam a2200241 i 4500
001 - NÚMERO DE CONTROL
campo de control 79939
003 - IDENTIFICADOR DE NÚMERO DE CONTROL
campo de control ES-MaACL
005 - FECHA Y HORA DE LA ÚLTIMA TRANSACCIÓN
campo de control 20260601155227.0
007 - CAMPO FIJO DE DESCRIPCIÓN FÍSICA--INFORMACIÓN GENERAL
campo de control de longitud fija t|
008 - DATOS DE LONGITUD FIJA--INFORMACIÓN GENERAL
campo de control de longitud fija 041025s1984 sp ||||1| spa d
020 ## - NÚMERO INTERNACIONAL ESTÁNDAR DEL LIBRO
Número Internacional Estándar del Libro 84-7327-100-9
100 1# - ENTRADA PRINCIPAL--NOMBRE DE PERSONA
Nombre de persona Hesse, Hermann,
Fechas asociadas al nombre 1877-1962
9 (RLIN) 63472
245 10 - MENCIÓN DEL TÍTULO
Título Correspondencia entre dos guerras /
Mención de responsabilidad, etc. Hermann Hesse, Romain Rolland, Rabindranath Tagore ; traducción Joaquín Bochaca.
260 ## - PUBLICACIÓN, DISTRIBUCIÓN, ETC.
Lugar de publicación, distribución, etc. Barcelona :
Nombre del editor, distribuidor, etc. Nuevo Arte Thor,
Fecha de publicación, distribución, etc. [1984]
300 ## - DESCRIPCIÓN FÍSICA
Extensión 187 p. ;
Dimensiones 17 cm.
490 1# - MENCIÓN DE SERIE
Mención de serie El Laberinto ;
Designación de volumen o secuencia 13
700 1# - ENTRADA AGREGADA--NOMBRE PERSONAL
Nombre de persona Rolland, Romain,
Fechas asociadas al nombre 1866-1944
9 (RLIN) 239240
700 1# - ENTRADA AGREGADA--NOMBRE PERSONAL
Nombre de persona Tagore, Rabindranath,
Fechas asociadas al nombre 1861-1941
9 (RLIN) 109071
700 1# - ENTRADA AGREGADA--NOMBRE PERSONAL
Nombre de persona Bochaca, Joaquín.
9 (RLIN) 29670
830 0# - PUNTO DE ACCESO ADICIONAL DE SERIE-TÍTULO UNIFORME
Título uniforme El Laberinto ;
Designación de volumen o secuencia 13
9 (RLIN) 187510
852 ## - LOCALIZACIÓN
Ubicación ES-MaACL
Número de control de estantería L-10335
Sublocalización o colección R.108932
Holdings
Estatus retirado Estado de pérdida Estado de daño No para préstamo Biblioteca de origen Biblioteca actual Ubicación en estantería Fecha de adquisición Fuente de adquisición Total de préstamos Signatura topográfica completa Código de barras Visto por última vez Precio de reemplazo Tipo de ítem Koha
        Biblioteca del Ateneo de Madrid Biblioteca del Ateneo de Madrid Depósito 2 17/01/2008     L-10335 1083585 23/02/2023 23/02/2023 Libro impreso